000 00812nam a2200253Ia 4500
003 OSt
005 20220923224705.0
006 a|||||r|||| 00| 0
007 ta
008 220922b |||||||| |||| 00| 0 hin d
024 _a248,829
037 _cTextual
040 _aARTS
_cARTS
_bhin
041 _2hin
_ahin
082 _aO152:g, K6
100 _aसहल, कन्हैयालाल
245 0 _aविमर्श और व्युत्पति
246 _aVimarsha aur vyutpati
260 _aग्वालियर
_b चिन्मय प्रकाशन
_c1966
300 _a259पृ.
_ccm.
650 _aहिन्दी साहित्य
_9156264
942 _hO152:g, K6
_cTEXL
_2CC
999 _c372987
_d372987